| 000 | 00699 a2200241 4500 | ||
|---|---|---|---|
| 502 | _aThèse de Doctorat | ||
| 260 | _aWageningen | ||
| 653 | 1 | _aAgronomie | |
| 100 | _aKRAKER, Jan-Willem de | ||
| 041 | _bEn | ||
| 260 | _bUniversité de Wageningen | ||
| 300 | _a176 p. | ||
| 245 | _aThe biosynthesis of sesquiterpene lactones in chicory (cichorium intybus L.) roots | ||
| 300 | _bIll., Couv. ill. ; 24 cm | ||
| 260 | _c09 Janvier 2002 | ||
| 130 | _lEn | ||
| 040 | _aSupport | ||
| 041 | _bEn | ||
| 653 | 1 | _aNutrition et Sciences Alimentaires | |
| 100 | _uAbomey-Calavi, Université d'Abomey-Calavi, Faculté des Sciences Agronomiques, Bj | ||
| 020 | _a90-5808-531-7 | ||
| 999 |
_c32257 _d32257 |
||